书目信息 |
| 题名: |
土地市场中开发商行贿问题研究
|
|
| 作者: | 张红霞 著 | |
| 分册: | ||
| 出版信息: | 武汉 华中科技大学出版社 2015 |
|
| 页数: | 184页 | |
| 开本: | 24cm | |
| 丛书名: | 土地市场腐败问题实证研究丛书 | |
| 单 册: | ||
| 中图分类: | D924.392.4 | |
| 科图分类: | ||
| 主题词: | 土地市场--Tu Di Shi Chang--贿赂--研究--中国 | |
| 电子资源: | ||
| ISBN: | 978-7-5680-0510-4 | |
| 000 | 01589nam0 22002771 450 | |
| 001 | 350543 | |
| 005 | 20161011152238.78 | |
| 010 | @a978-7-5680-0510-4@dCNY39.00 | |
| 100 | @a20151027d2015 kemy0chiy50 ea | |
| 101 | 0 | @achi |
| 102 | @aCN@b420000 | |
| 105 | @ay v 000yy | |
| 106 | @ar | |
| 200 | 1 | @a土地市场中开发商行贿问题研究@ATu Di Shi Chang Zhong Kai Fa Shang Hang Hui Wen Ti Yan Jiu@dExploration on bribery problems of property developer in land market@f张红霞著@zeng |
| 210 | @a武汉@c华中科技大学出版社@d2015 | |
| 215 | @a184页@d24cm | |
| 225 | 2 | @a土地市场腐败问题实证研究丛书@ATu Di Shi Chang Fu Bai Wen Ti Shi Zheng Yan Jiu Cong Shu |
| 300 | @a国家社科基金青年项目、国家社科基金一般项目、湖北省教育厅科学研究计划重点项目、湖北第二师范学院校级重点学科建设项目资助 | |
| 330 | @a本书从实证调查和案例追踪出发,分析土地市场中开发商行贿问题。依据经济学、管理学、政治学、社会学等基础理论.以武汉、广州、南京三地为调研点,深入透彻分析土地市场中开发商行贿的外在现象与内在逻辑,着重弄清开发商行贿的经济学原因及发生机理、开发商行贿的量化表征及复杂博弈过程、开发商行贿与政府干预的量化关系、开发商行贿的宏观影响效应及损害程度,由此获得一些本质性认识及其特定规律,从而为政府依法妥善合理解决地产腐败问题提供实证参考和决策依据。 | |
| 461 | 0 | @12001 @a土地市场腐败问题实证研究丛书 |
| 510 | 1 | @aExploration on bribery problems of property developer in land market@zeng |
| 606 | 0 | @a土地市场@ATu Di Shi Chang@x贿赂@x研究@y中国 |
| 690 | @aD924.392.4@v5 | |
| 701 | 0 | @a张红霞@AZhang Hong Xia@c(女)@4著 |
| 801 | 0 | @aCN@bTANGWEI@c20160804 |
| 905 | @b0890560-4@dD924.392.4@e584@f5 | |
| 土地市场中开发商行贿问题研究=Exploration on bribery problems of property developer in land market/张红霞著.-武汉:华中科技大学出版社,2015 |
| 184页;24cm.-(土地市场腐败问题实证研究丛书) |
| 国家社科基金青年项目、国家社科基金一般项目、湖北省教育厅科学研究计划重点项目、湖北第二师范学院校级重点学科建设项目资助 |
| ISBN 978-7-5680-0510-4:CNY39.00 |
| 本书从实证调查和案例追踪出发,分析土地市场中开发商行贿问题。依据经济学、管理学、政治学、社会学等基础理论.以武汉、广州、南京三地为调研点,深入透彻分析土地市场中开发商行贿的外在现象与内在逻辑,着重弄清开发商行贿的经济学原因及发生机理、开发商行贿的量化表征及复杂博弈过程、开发商行贿与政府干预的量化关系、开发商行贿的宏观影响效应及损害程度,由此获得一些本质性认识及其特定规律,从而为政府依法妥善合理解决地产腐败问题提供实证参考和决策依据。 |
| ● |
| 相关链接 |
|
|
|
|
正题名:土地市场中开发商行贿问题研究
索取号:D924.392.4/584
 
预约/预借
| 序号 | 登录号 | 条形码 | 馆藏地/架位号 | 状态 | 备注 |
| 1 | 0890560 | 208905602 | 第一样本阅览室/ [索取号:D924.392.4/584] | 在馆 | |
| 2 | 0890561 | 208905611 | 密集书库-史法系/ [索取号:D924.392.4/584] | 在馆 | |
| 3 | 0890562 | 208905620 | 第一借阅区/ [索取号:D924.392.4/584] | 在馆 | |
| 4 | 0890563 | 208905639 | 第一借阅区/ [索取号:D924.392.4/584] | 在馆 | |
| 5 | 0890564 | 208905648 | 第一借阅区/ [索取号:D924.392.4/584] | 在馆 |